Database nation : the death of privacy in the 21th century.

Bibliographic Details
Main Author: Garfinkel
Format: Book
Published: Beijing: O'Reilly, 2000.
Subjects:
LEADER 00555cam a2200169 7i4500
001 0000008303
005 20001014090000.0
020 0 0 |a 1565926536  
090 0 0 |a B 323.4480973   |b GAR 
100 1 0 |a Garfinkel  
245 1 0 |a Database nation :   |b the death of privacy in the 21th century. 
260 0 0 |a Beijing:   |b O'Reilly,   |c 2000. 
300 # # |a 312 p. 
650 0 0 |a Privacy, Right of --   |z United States of America  
650 0 0 |a Computer security --   |z United States of America  
651 0 0 |a United States of America  
999 |a B000011896  |b Book  |c Book  |e Business Information Centre